000
00351nam a2200157Ia 4500
003
OSt
005
20240120144928.0
008
170524s9999 xx 000 0 und d
020
_a
8177000551
040
_c
IIMT UNIVERSITY
100
_a
Sawhney AK
245
0
_a
Measurment and Metrology
260
_b
Dhanpat Rai
260
_c
2009
942
_2
ddc
_c
02
999
_c
5619
_d
5619